000 nam a22 4500
999 _c8919
_d8919
008 180319b ||||| |||| 00| 0 eng d
245 _aInspiring women entrepreneurs of 2016 T.I.P president one of Go Negosyo's.
260 _aPhilippines
_bPhilippine Daily Inquirer
_cc2016
300 _apage A23.
650 0 _926928
_aEntrepreneurship.
942 _2ddc
_cPER